|
|
|
|
| LEADER |
00000cam a2200000 7i4500 |
| 001 |
0000007145 |
| 002 |
000007688 |
| 005 |
20000330.0 |
| 020 |
|
|
|a 9830571440
|
| 090 |
0 |
0 |
|a JF
|b ABD
|
| 100 |
0 |
|
|a Abd.Hadi
|
| 245 |
1 |
4 |
|a The big ants
|c Abd Hadi ; illustrated by Azalan
|
| 260 |
|
|
|a Kuala Lumpur :
|b Goodmark Enterprise ,
|c 1996
|
| 300 |
|
|
|a 24p. :
|b ill. ;
|c 28cm.
|
| 490 |
0 |
|
|a Bukit Kiara young reader series
|
| 650 |
0 |
0 |
|a Children's stories
|
| 700 |
1 |
|
|a Azalan ,
|e illustrated
|
| 999 |
|
|
|a 051853
|b BUKU
|c PINJAMAN
|e PERPUSTAKAAN KOMUNITI PETALING JAYA
|
| 999 |
|
|
|a 051854
|b BUKU
|c PINJAMAN
|e PERPUSTAKAAN KOMUNITI PETALING JAYA
|
| 999 |
|
|
|a 054777
|b BUKU
|c PINJAMAN
|e PERPUSTAKAAN KOMUNITI CAW KOTA DAMANSARA
|
| 999 |
|
|
|a 054778
|b BUKU
|c PINJAMAN
|e PERPUSTAKAAN KOMUNITI CAW KOTA DAMANSARA
|